00803nam a2200265Ia 450000500170000000800410001702000180005804100120007608200150008810000210010324500750012425000120019926000370021130000190024844000550026765000170032265000200033965000220035970000340038170000250041570000330044070000190047370000280049270000170052020260429112113.0260429s9999||||xx |||||||||||||| ||und|| a9781041015680 aEnglish a547.3bTAH aTaherinia, Zahra 0aCatalytic role of amino acids in organic reactions / cZahra Taherinia a1st ed. aBoca Raton : bCRC Press,c2025. axv, 344 p.; hb aNew directions in organic and viological chemistry a Amino acids a Catalytic role aOrganic reactions a Ghorbani-Choghamarani, Arash a Heidarnezhad, Zahra a Khanmohammadi-Sarabi, Farad a Moradi, Zahra a Zolfigol, Mohammad Ali aPage, Philip